La fatigue des métaux

Guardat en:
Dades bibliogràfiques
Autors principals: Cazaud, R (Autor), Pomey, G (Autor), Rabbe, P (Autor), Janssen, C (Autor)
Format: Llibre
Idioma:francès
Publicat: París Dunod 1960
Matèries:
Etiquetes: Afegir etiqueta
Sense etiquetes, Sigues el primer a etiquetar aquest registre!

MARC

LEADER 00000nam a2200000 a 4500
001 UCP2792
003 CL-VaPUC
008 990531e19600000FR |||||||||||||||||fre|d
082 0 4 |a 620.1126  |b CAZ  |2 21 
100 0 |a Cazaud, R  |e author  |9 429753 
700 0 |a Pomey, G  |e author  |9 429754 
700 0 |a Rabbe, P  |e author  |9 429755 
700 0 |a Janssen, C  |e author  |9 429756 
245 1 3 |a La fatigue des métaux 
300 |a 622 p 
942 |c BK 
945 |d 19990531 00:00:00  |a cmena 
260 |a París  |b Dunod  |c 1960 
500 |a Hasta página 47, fotocopiado 
650 0 |a Resistencia de materiales  |9 260095 
650 0 |a Metalurgia  |9 263720 
650 0 |a Metales   |9 260686 
650 0 |a Propiedades mecánicas   |9 262507 
650 7 |a FATIGA DE MATERIALES  |2 CL-VaPUC  |9 361346 
583 |a last modification  |c 20180305 10:38:09  |k Rodrigo Vera 
999 |c 281262  |d 281260